Poland open.
| Format: | Book |
|---|---|
| Published: |
Warsaw:
Polish Information and Foreign Investment Agency,
[200_].
|
| Subjects: |
| LEADER | 00504cam a2200169 7i4500 | ||
|---|---|---|---|
| 001 | 0000016606 | ||
| 005 | 20051208090000.0 | ||
| 022 | 0 | 0 | |a 83-89025-6-4 |
| 090 | 0 | 0 | |a POLD 382.09438 |b POL |
| 245 | 0 | 0 | |a Poland open. |
| 260 | 0 | 0 | |a Warsaw: |b Polish Information and Foreign Investment Agency, |c [200_]. |
| 300 | # | # | |a [v.p]. |
| 650 | 0 | 0 | |a Business -- |z Poland |
| 650 | 0 | 0 | |a International trade |
| 650 | 0 | 0 | |a International economic relations |
| 651 | 0 | 0 | |a Poland |
| 999 | |a 0000016631 |b Book |c Countries |e Business Information Centre | ||